000 00624nam a2200241Ia 4500
003 OSt
005 20221007071459.0
006 a|||||r|||| 00| 0
007 ta
008 221006b |||||||| |||| 00| 0 eng d
024 _a25,179
037 _cTextual
040 _aFLL
_cFLL
_beng
041 _2eng
_aeng
082 _aZ3:21:3, J1;K4
100 _aWilliams W. J.
245 0 _aLaw of landlord and tenant
250 _a14th
260 _aLondon
_bButterworths UK
_c1964
300 _acclvi,1474,66p
_ccm.
942 _hZ3:21:3, J1;K4
_cTEXL
_2CC
999 _c1143467
_d1143467